Global english 3§ medio: guía didáctica para el profesor
Shranjeno v:
| Glavni avtor: | |
|---|---|
| Format: | Knjiga |
| Jezik: | angleščina |
| Izdano: |
Santiago
Cal y Canto
2007
|
| Izdaja: | 1a. ed |
| Teme: | |
| Oznake: |
Označite
Brez oznak, prvi označite!
|
MARC
| LEADER | 00000nam a2200000 a 4500 | ||
|---|---|---|---|
| 001 | UCI7795 | ||
| 003 | CL-VaPUC | ||
| 008 | 080725e20070000CL |||||||||||||||||eng|d | ||
| 020 | |a 9568623019 | ||
| 082 | 0 | 4 | |a 420.712 |b POL |2 21 |
| 100 | 0 | |a Polk Reyes, Jolanta |e author |9 531087 | |
| 245 | 1 | 0 | |a Global english 3§ medio: guía didáctica para el profesor |
| 250 | |a 1a. ed | ||
| 300 | |a 102+167 p | ||
| 942 | |c BK | ||
| 945 | |d 20080725 00:00:00 |a rbrito | ||
| 260 | |a Santiago |b Cal y Canto |c 2007 | ||
| 500 | |a Incluye texto para el estudiante | ||
| 650 | 0 | |a Enseñanza del inglés |9 367340 | |
| 650 | 0 | |a Comprensión |9 339377 | |
| 650 | 0 | |a Métodos de enseñanza |9 270413 | |
| 650 | 0 | |a Enseñanza de idiomas |9 339820 | |
| 583 | |a last modification |c 20080725 00:00:00 |k Rodrigo Vera | ||
| 999 | |c 330941 |d 330939 | ||
| 952 | |0 0 |1 0 |4 0 |6 420_712000000000000_POL_2007 |7 0 |8 A |9 416899 |a BIBEDU |b BIBEDU |d 2019-11-22 |i 4466691 |o 420.712 POL 2007 |p 4466691 |r 2019-11-22 |w 2019-11-22 |y BK |k LIT | ||
| 952 | |0 0 |1 0 |4 0 |6 420_712000000000000_POL_2007 |7 0 |8 A |9 416900 |a BIBEDU |b BIBEDU |d 2019-11-22 |i 4466705 |o 420.712 POL 2007 |p 4466705 |r 2019-11-22 |w 2019-11-22 |y BK |k LIT | ||
| 952 | |0 0 |1 0 |4 0 |6 420_712000000000000_POL_2007 |7 0 |8 A |9 416901 |a BIBEDU |b BIBEDU |d 2019-11-22 |i 4466713 |o 420.712 POL 2007 |p 4466713 |r 2019-11-22 |w 2019-11-22 |y BK |k LIT | ||